[Event "4NCL Division Three West"]
[Site "Daventry, ENG"]
[Date "2023.02.04"]
[Round "5.61"]
[White "Sajanani, Vikas"]
[Black "Mercs, Peter J"]
[Result "1-0"]
[WhiteElo "1927"]
[BlackElo "2069"]
[PlyCount "75"]
[EventDate "2023.02.04"]
[WhiteTeam "Manchester Manticores"]
[BlackTeam "Ashfield 1"]

1. d4 Nf6 2. c4 e6 3. Nf3 c5 4. Nc3 cxd4 5. Nxd4 d6 6. e4 Be7 7. Be2 O-O 8. O-O
Nc6 9. Be3 a6 10. Qd2 Re8 11. Rfd1 Qc7 12. Rac1 Nxd4 13. Bxd4 Nd7 14. b4 b6 15.
a3 Bb7 16. f3 Bf8 17. Kh1 g6 18. Bf1 Rad8 19. Bg1 Qb8 20. Qe3 Bc6 21. Rb1 Bg7
22. Bf2 b5 23. a4 bxc4 24. b5 axb5 25. Bxc4 b4 26. Nb5 Ne5 27. Bf1 d5 28. exd5
exd5 29. Qb3 Nc4 30. Qxb4 Ne3 31. Bxe3 Rxe3 32. Qc5 Re6 33. Nd4 Qa8 34. Nxe6
fxe6 35. Bb5 Bb7 36. Rbc1 d4 37. Qe7 Bxf3 38. Rc7 1-0

[Event "4NCL Division Three West"]
[Site "Daventry, ENG"]
[Date "2023.02.04"]
[Round "5.62"]
[White "Naylor, Michael A"]
[Black "Potter, Steven"]
[Result "1-0"]
[WhiteElo "1963"]
[BlackElo "1904"]
[PlyCount "140"]
[EventDate "2023.02.04"]
[WhiteTeam "Ashfield 1"]
[BlackTeam "Manchester Manticores"]

1. e4 e6 2. d4 b6 3. Nf3 Bb7 4. Nc3 Bb4 5. Bd3 Nf6 6. Qe2 d5 7. e5 Ne4 8. Bd2
Bxc3 9. bxc3 Nxd2 10. Qxd2 Nc6 11. h4 h6 12. Bb5 a6 13. Bd3 Na5 14. Qe2 c5 15.
Qe3 Qc7 16. O-O Nc4 17. Qc1 O-O 18. h5 f5 19. Nh4 cxd4 20. cxd4 Bc6 21. Ng6
Rfc8 22. Nf4 Qe7 23. Rb1 b5 24. Qd1 Be8 25. Rb3 Na5 26. Rb1 Bf7 27. a4 b4 28.
Qe1 Nc6 29. Qe3 a5 30. Rfd1 Nd8 31. Rb3 Be8 32. Bxf5 exf5 33. Nxd5 Qb7 34. Nf6+
Kf7 35. Qg3 Ne6 36. d5 Ng5 37. f4 gxf6 38. fxg5 fxg5 39. Rf1 Qxd5 40. Rxf5+ Kg7
41. Rxg5+ Kh8 42. Rf3 Bxa4 43. Rg6 Rc6 44. Qf4 Rxg6 45. hxg6 Qc5+ 46. Kh2 Qf8
47. Qxf8+ Rxf8 48. Rxf8+ Kg7 49. Ra8 Kxg6 50. Kg3 Kf5 51. Rxa5 Bxc2 52. Rb5 b3
53. Kf3 h5 54. g3 Bd1+ 55. Ke3 b2 56. Rxb2 Kxe5 57. Rb5+ Kf6 58. Kf4 Bg4 59.
Rb6+ Ke7 60. Kg5 Kf7 61. Rh6 Kg7 62. Ra6 Kf7 63. Ra7+ Ke6 64. Rh7 Bd1 65. Rxh5
Bxh5 66. Kxh5 Kf7 67. Kh6 Kg8 68. g4 Kh8 69. g5 Kg8 70. Kg6 Kh8 1-0

[Event "4NCL Division Three West"]
[Site "Daventry, ENG"]
[Date "2023.02.04"]
[Round "5.63"]
[White "Lonsdale, Jon I"]
[Black "Truman, Richard G"]
[Result "1/2-1/2"]
[WhiteElo "1882"]
[BlackElo "2005"]
[PlyCount "123"]
[EventDate "2023.02.04"]
[WhiteTeam "Manchester Manticores"]
[BlackTeam "Ashfield 1"]

1. e4 e5 2. Nf3 Nc6 3. Bb5 a6 4. Ba4 Nf6 5. Qe2 b5 6. Bb3 Be7 7. O-O O-O 8. Rd1
d5 9. d3 Bg4 10. c3 d4 11. h3 Bc8 12. Nbd2 a5 13. a4 Ba6 14. axb5 Bxb5 15. Bc4
Rb8 16. Bxb5 Rxb5 17. Nc4 Qd7 18. Bd2 Ra8 19. Ra2 Ne8 20. Rda1 Nd6 21. cxd4
exd4 22. Nxa5 Nxa5 23. Bxa5 c5 24. Bd2 Rab8 25. Bc1 h6 26. Qc2 Nc8 27. Ne5 Qe6
28. Nc4 f6 29. Bf4 R8b7 30. Ra6 Qd7 31. Qa4 Kh7 32. Bc1 Rb3 33. Qxd7 Rxd7 34.
R1a3 Rdb7 35. Kf1 Rxa3 36. Rxa3 Nd6 37. Nxd6 Bxd6 38. Ra6 Be7 39. Ke2 Rb3 40.
Ra3 Rb7 41. Kd1 c4 42. Ra4 cxd3 43. Rxd4 Rb3 44. f3 Bb4 45. Rd7 Bc5 46. Rd5 Bg1
47. Kd2 Bh2 48. Rxd3 Bf4+ 49. Kc2 Rxd3 50. Bxf4 Rd7 51. b4 g5 52. Be3 Kg6 53.
b5 f5 54. exf5+ Kxf5 55. b6 Ke5 56. h4 Rg7 57. Kc3 Kd5 58. hxg5 hxg5 59. g3 Kc6
60. f4 gxf4 61. gxf4 Rf7 62. Kc4 1/2-1/2

[Event "4NCL Division Three West"]
[Site "Daventry, ENG"]
[Date "2023.02.04"]
[Round "5.64"]
[White "Pettinger, Martin"]
[Black "Livesey, R Nigel"]
[Result "1-0"]
[WhiteElo "1900"]
[BlackElo "1818"]
[PlyCount "57"]
[EventDate "2023.02.04"]
[WhiteTeam "Ashfield 1"]
[BlackTeam "Manchester Manticores"]

1. e4 c6 2. d4 d5 3. Nc3 dxe4 4. Nxe4 Nf6 5. Ng3 h5 6. h4 Bg4 7. Qd3 Qc7 8.
N1e2 Bxe2 9. Bxe2 e6 10. Bg5 Be7 11. O-O-O Nbd7 12. Kb1 g6 13. Qf3 O-O 14. Ne4
Nxe4 15. Bxe7 Rfe8 16. Qxe4 Rxe7 17. g4 Nf6 18. Qg2 Qa5 19. gxh5 Nxh5 20. d5
Nf4 21. Qg5 Nxd5 22. c4 f6 23. Qxg6+ Rg7 24. Qh5 Rh7 25. Rhg1+ Kh8 26. Qg6 Nc3+
27. bxc3 Qxc3 28. Rd3 Qb4+ 29. Rb3 1-0

[Event "4NCL Division Three West"]
[Site "Daventry, ENG"]
[Date "2023.02.04"]
[Round "5.65"]
[White "Pardoe, David"]
[Black "Garnett, John S"]
[Result "0-1"]
[WhiteElo "1797"]
[BlackElo "1945"]
[PlyCount "64"]
[EventDate "2023.02.04"]
[WhiteTeam "Manchester Manticores"]
[BlackTeam "Ashfield 1"]

1. d4 d5 2. Bf4 Nf6 3. Nf3 c5 4. dxc5 e6 5. Nbd2 Bxc5 6. Nb3 Bd6 7. Bg3 Ne4 8.
e3 Nd7 9. Bd3 Ndf6 10. c4 dxc4 11. Bxc4 Bb4+ 12. Kf1 O-O 13. Qc2 Qe7 14. Rd1
Rd8 15. a3 Bd6 16. Bd3 Nxg3+ 17. hxg3 g6 18. Nbd4 e5 19. Nb5 e4 20. Nxd6 Rxd6
21. Bc4 Rxd1+ 22. Qxd1 exf3 23. gxf3 Be6 24. Be2 Qd7 25. Qe1 Rc8 26. Kg2 Rc2
27. b4 Qd2 28. Qxd2 Rxd2 29. Bd1 Nd5 30. Ba4 Nxe3+ 31. Kg1 Nc2 32. Be8 Rd1+ 0-1

[Event "4NCL Division Three West"]
[Site "Daventry, ENG"]
[Date "2023.02.05"]
[Round "6.11"]
[White "Coates, David H"]
[Black "Pal, Rohan"]
[Result "1-0"]
[WhiteElo "2007"]
[BlackElo "2026"]
[PlyCount "93"]
[EventDate "2023.02.05"]
[WhiteTeam "Ashfield 1"]
[BlackTeam "Warwickshire Select 2"]

1. d4 Nf6 2. c4 e6 3. Nc3 d5 4. cxd5 exd5 5. Bg5 c6 6. Qc2 Na6 7. a3 Nc7 8. e3
Ne6 9. Bh4 g6 10. Bd3 Ng7 11. Nge2 Bf5 12. f3 Bxd3 13. Qxd3 Be7 14. O-O O-O 15.
e4 dxe4 16. fxe4 c5 17. e5 Nd7 18. Bxe7 Qxe7 19. Nd5 Qg5 20. Qh3 f5 21. Qb3 Kh8
22. Qxb7 Rfd8 23. Nef4 Rab8 24. Qc7 Rxb2 25. Rf2 Rxf2 26. Kxf2 Nb6 27. Qxc5
Nxd5 28. Nxd5 Ne6 29. Qc4 Qd2+ 30. Kf1 Nxd4 31. Ra2 Qd1+ 32. Kf2 Qb3 33. Qxb3
Nxb3 34. e6 Kg7 35. e7 Re8 36. Rb2 Nc5 37. Ke3 Kf7 38. Kd4 Ne6+ 39. Ke5 Nc5 40.
Kd6 Ne4+ 41. Ke5 Nc5 42. Rc2 Nd7+ 43. Kd6 Nb6 44. Nxb6 axb6 45. Re2 g5 46. Kd7
f4 47. Re5 1-0

[Event "4NCL Division Three West"]
[Site "Daventry, ENG"]
[Date "2023.02.05"]
[Round "6.12"]
[White "Sandhu, Manvith"]
[Black "Naylor-Eade, Michael A"]
[Result "1-0"]
[WhiteElo "2001"]
[BlackElo "1963"]
[PlyCount "127"]
[EventDate "2023.02.05"]
[WhiteTeam "Warwickshire Select 2"]
[BlackTeam "Ashfield 1"]

1. e4 e5 2. Nf3 Nc6 3. Bb5 a6 4. Ba4 Nf6 5. d3 d6 6. c3 Be7 7. O-O O-O 8. Re1
b5 9. Bb3 Na5 10. Bc2 c5 11. Nbd2 Nd7 12. Nf1 Bf6 13. Ng3 g6 14. Bh6 Re8 15.
Qd2 Nf8 16. Ng5 Ne6 17. Nxe6 Bxe6 18. f4 exf4 19. Bxf4 Nc6 20. Bb3 Bxb3 21.
axb3 a5 22. Nf1 d5 23. exd5 Qxd5 24. Ne3 Qd7 25. h3 h5 26. Qf2 Re6 27. Rad1
Rae8 28. g4 Qe7 29. Rf1 Rxe3 30. Qxe3 Qxe3+ 31. Bxe3 Bxc3 32. bxc3 Rxe3 33.
gxh5 Rxh3 34. hxg6 fxg6 35. Kg2 Rh5 36. Rf6 Ne5 37. Ra6 Rg5+ 38. Kf2 c4 39.
bxc4 bxc4 40. d4 Nd3+ 41. Kf3 Rf5+ 42. Ke3 Kf7 43. Rb1 Kg7 44. Ra1 Nf4 45.
R1xa5 Nd5+ 46. Kd2 Rh5 47. Re6 Rh2+ 48. Re2 Rxe2+ 49. Kxe2 Nxc3+ 50. Kd2 Ne4+
51. Ke3 Nd6 52. Ra6 Nf5+ 53. Ke4 Ng3+ 54. Ke5 Ne2 55. Rc6 c3 56. Rc7+ Kf8 57.
Ke4 g5 58. Rc8+ Ke7 59. Kd3 Kd7 60. Rc5 Nf4+ 61. Kxc3 g4 62. Rg5 g3 63. Kd2 g2
64. Ke3 1-0

[Event "4NCL Division Three West"]
[Site "Daventry, ENG"]
[Date "2023.02.05"]
[Round "6.13"]
[White "Truman, Richard G"]
[Black "Dicen, Elis Denele"]
[Result "1/2-1/2"]
[WhiteElo "2005"]
[BlackElo "1963"]
[PlyCount "51"]
[EventDate "2023.02.05"]
[WhiteTeam "Ashfield 1"]
[BlackTeam "Warwickshire Select 2"]

1. d4 d5 2. c4 e6 3. Nf3 Nf6 4. g3 dxc4 5. Bg2 a6 6. O-O Nc6 7. a4 Rb8 8. Bg5
Be7 9. Qc1 b5 10. axb5 axb5 11. Rd1 O-O 12. b3 Bd7 13. bxc4 bxc4 14. Nbd2 c3
15. Qxc3 Nd5 16. Bxe7 Nxc3 17. Bxd8 Rfxd8 18. Re1 Be8 19. Rac1 Nb5 20. e3 Nb4
21. Rc4 Nd5 22. Ne5 f6 23. Nc6 Bxc6 24. Rxc6 Kf7 25. Ne4 Rb6 26. Rec1 1/2-1/2

[Event "4NCL Division Three West"]
[Site "Daventry, ENG"]
[Date "2023.02.05"]
[Round "6.14"]
[White "Green, Anthony J"]
[Black "Walentowicz, Stefan"]
[Result "1-0"]
[WhiteElo "1946"]
[BlackElo "1937"]
[PlyCount "99"]
[EventDate "2023.02.05"]
[WhiteTeam "Warwickshire Select 2"]
[BlackTeam "Ashfield 1"]

1. d4 Nf6 2. c4 e6 3. Nc3 d5 4. cxd5 exd5 5. Bg5 Be7 6. e3 O-O 7. Bd3 h6 8. Bh4
b6 9. Qc2 Bb7 10. Nge2 Nbd7 11. O-O c5 12. Rad1 a6 13. Bf5 Re8 14. e4 g6 15.
Bxd7 Nxd7 16. Bxe7 Qxe7 17. exd5 c4 18. Nf4 Qd6 19. Qd2 Kg7 20. Rfe1 Nf6 21. f3
g5 22. Nh3 Nxd5 23. Nxd5 Qxd5 24. Nf2 Rad8 25. Ne4 Qf5 26. Ng3 Qg6 27. Rxe8
Rxe8 28. d5 b5 29. d6 Rd8 30. Qd4+ Kg8 31. Ne4 Bxe4 32. fxe4 Rd7 33. e5 Qe6 34.
Rf1 Qe8 35. Rf6 Kh7 36. Qe4+ Kg7 37. Qd4 Kh7 38. h4 Kg7 39. hxg5 hxg5 40. Qe3
Qh8 41. Qxg5+ Kf8 42. Rh6 Qg7 43. Qh5 Kg8 44. Rf6 Qg3 45. Rf3 Qg7 46. Qh3 Qxe5
47. Qxd7 Qe1+ 48. Kh2 Qh4+ 49. Rh3 Qf4+ 50. Rg3+ 1-0

[Event "4NCL Division Three West"]
[Site "Daventry, ENG"]
[Date "2023.02.05"]
[Round "6.15"]
[White "Garnett, John S"]
[Black "Turner, Simon"]
[Result "0-1"]
[WhiteElo "1945"]
[BlackElo "1829"]
[PlyCount "196"]
[EventDate "2023.02.05"]
[WhiteTeam "Ashfield 1"]
[BlackTeam "Warwickshire Select 2"]

1. d4 Nf6 2. Bg5 Ne4 3. Bf4 h6 4. f3 Nf6 5. e4 e6 6. Bd3 c5 7. c3 Nc6 8. Ne2
Qb6 9. Qb3 Qxb3 10. axb3 cxd4 11. Nxd4 Bc5 12. Nb5 e5 13. Nc7+ Kd8 14. Nxa8
exf4 15. b4 Be3 16. Nd2 d5 17. exd5 Nxd5 18. Be4 Be6 19. Nc4 Nxc3 20. Nxe3 Nxe4
21. fxe4 fxe3 22. b5 Nd4 23. Rxa7 Nc2+ 24. Kd1 Bb3 25. Nb6 Kc7 26. Nd5+ Kb8 27.
b6 Rd8 28. Ra5 f5 29. Ke2 Bc4+ 30. Kd1 Nb4 31. Kc1 Nd3+ 32. Kc2 e2 33. Rha1 Ba6
34. Kd2 fxe4 35. Kxe2 Nf4+ 36. Ke3 Nxd5+ 37. Kxe4 Nxb6 38. b4 Bd3+ 39. Kf3 Rd6
40. Re5 Rf6+ 41. Kg3 Rg6+ 42. Kf2 Nc4 43. Re7 Nd6 44. Ra3 Rf6+ 45. Ke1 Rf1+ 46.
Kd2 Nc4+ 47. Kxd3 Nxa3 48. Rxg7 Rf5 49. g4 Rf3+ 50. Kd4 Rh3 51. g5 hxg5 52.
Rxg5 Rxh2 53. Kc5 Rc2+ 54. Kd5 Nc4 55. Kc5 Ka7 56. b5 Ne5+ 57. Kb4 Rc4+ 58. Kb3
Rc5 59. Ka4 Kb6 60. Rg7 Rc4+ 61. Kb3 Rc7 62. Rg5 Nd3 63. Rd5 Rd7 64. Rh5 Ka5
65. Kc4 Nf4 66. Rf5 Rc7+ 67. Kb3 Ne6 68. Re5 Nd4+ 69. Ka3 Rc3+ 70. Kb2 Rb3+ 71.
Ka2 Rxb5 72. Re4 Rb4 73. Re8 Nc6 74. Ka3 Kb5 75. Rh8 Rd4 76. Rh7 b6 77. Rh5+
Kc4 78. Rh6 Rd3+ 79. Kb2 Kc5 80. Rh5+ Rd5 81. Rh8 Kb4 82. Rh4+ Nd4 83. Rg4 b5
84. Rh4 Kc4 85. Rg4 b4 86. Rh4 Rg5 87. Rh2 Rg4 88. Rf2 Re4 89. Rf8 Re2+ 90. Kb1
Kb3 91. Kc1 Rc2+ 92. Kb1 Rg2 93. Kc1 Ra2 94. Kb1 Rb2+ 95. Kc1 Ne2+ 96. Kd1 Nc3+
97. Ke1 Re2+ 98. Kf1 Kc2 0-1

[Event "4NCL Division Three West"]
[Site "Daventry, ENG"]
[Date "2023.02.05"]
[Round "6.16"]
[White "Vaidyanathan, Adithya"]
[Black "Flynn, David"]
[Result "0-1"]
[WhiteElo "1713"]
[BlackElo "1920"]
[PlyCount "98"]
[EventDate "2023.02.05"]
[WhiteTeam "Warwickshire Select 2"]
[BlackTeam "Ashfield 1"]

1. Nf3 c5 2. c3 Nf6 3. d4 e6 4. Bg5 d5 5. Nbd2 Be7 6. e3 Nc6 7. Bb5 Qb6 8. Qa4
Bd7 9. dxc5 Qxc5 10. Nb3 Qb6 11. Bxf6 Bxf6 12. Nfd4 O-O 13. O-O Rac8 14. Nxc6
Bxc6 15. Bxc6 bxc6 16. Rad1 Rfd8 17. e4 c5 18. exd5 exd5 19. Rfe1 g6 20. Qf4
Kg7 21. Rd2 Qa6 22. Nc1 h6 23. Qf3 d4 24. cxd4 Rxd4 25. Rde2 Rcd8 26. Nb3 R4d5
27. a3 Qb5 28. Re4 Rd3 29. Rf4 Rxf3 30. Rxf3 Rd3 31. Nc1 Rxf3 32. gxf3 Qxb2 33.
a4 Qc3 34. Rf1 Qxf3 35. Re1 Qc3 36. Rf1 Be5 37. Ne2 Qd2 38. Ng3 Bxg3 39. hxg3
Qa2 40. Rc1 c4 41. a5 c3 42. Kf1 Qd2 43. Rxc3 Qxc3 44. a6 Kf6 45. Kg2 Ke5 46.
Kg1 Qf3 47. Kf1 Ke4 48. Ke1 Kd3 49. Kf1 Qh1# 0-1

[Event "4NCL Division Three West"]
[Site "Daventry, ENG"]
[Date "2023.02.05"]
[Round "6.21"]
[White "Habershon, Paul F"]
[Black "Baker, Chris W"]
[Result "0-1"]
[WhiteElo "1914"]
[BlackElo "2243"]
[PlyCount "64"]
[EventDate "2023.02.05"]
[WhiteTeam "MK Phoenix 2"]
[BlackTeam "Warwickshire Select 1"]

1. Nf3 e6 2. c4 Nf6 3. g3 d5 4. Bg2 Be7 5. O-O O-O 6. d4 Nbd7 7. Nbd2 b6 8. b3
Bb7 9. Bb2 c5 10. Rc1 Rc8 11. Re1 Ba8 12. Ne5 cxd4 13. Bxd4 Nxe5 14. Bxe5 Bb4
15. Bc3 Ba3 16. Rb1 d4 17. Bb2 Bxb2 18. Rxb2 Bxg2 19. Kxg2 Qd6 20. Nf3 Rfd8 21.
Rd2 e5 22. Qb1 b5 23. cxb5 Qd5 24. Kg1 Ne4 25. Rc2 Nc3 26. Qb2 e4 27. Nh4 Qxb5
28. Ng2 Qe5 29. Rec1 h5 30. e3 d3 31. Rxc3 Rxc3 32. Rd1 Rdc8 0-1

[Event "4NCL Division Three West"]
[Site "Daventry, ENG"]
[Date "2023.02.05"]
[Round "6.22"]
[White "Larsen, Pelle O"]
[Black "Singleton, Luke"]
[Result "1-0"]
[WhiteElo "2218"]
[BlackElo "1823"]
[PlyCount "115"]
[EventDate "2023.02.05"]
[WhiteTeam "Warwickshire Select 1"]
[BlackTeam "MK Phoenix 2"]

1. c4 e6 2. g3 Nf6 3. Bg2 d5 4. Nf3 Nc6 5. O-O a6 6. b3 Bc5 7. d4 Bb6 8. e3 O-O
9. Bb2 Ne7 10. Qc2 c6 11. Rd1 Bc7 12. Nbd2 Nf5 13. e4 dxe4 14. Nxe4 Nxe4 15.
Qxe4 Qf6 16. Ne5 Bxe5 17. dxe5 Qe7 18. Rd2 Rd8 19. Rad1 Rxd2 20. Rxd2 Bd7 21.
Qd3 Be8 22. Be4 Qg5 23. f4 Qg4 24. Bf3 Qh3 25. Bg2 Qg4 26. Kf2 h5 27. h3 Qg6
28. Be4 Rd8 29. Qxd8 Qxg3+ 30. Ke2 Qe3+ 31. Kd1 Qxe4 32. Re2 Ne3+ 33. Rxe3 Qxe3
34. Qxe8+ Kh7 35. Qd7 Qf3+ 36. Kc2 Qxf4 37. Qd3+ g6 38. Bc3 Qh2+ 39. Kb1 h4 40.
Qf3 Kg8 41. Bd4 Qd2 42. Qe3 Qg2 43. Bc3 c5 44. Bd2 Qh2 45. Be1 Qh1 46. Kb2 Qg2+
47. Bd2 b5 48. cxb5 axb5 49. a4 b4 50. Kc2 Qd5 51. Qf4 c4 52. bxc4 Qa5 53. Kb3
Qd8 54. Qe3 f5 55. exf6 Qxf6 56. Bxb4 Qf5 57. Bc3 Qb1+ 58. Ka3 1-0

[Event "4NCL Division Three West"]
[Site "Daventry, ENG"]
[Date "2023.02.05"]
[Round "6.23"]
[White "Whiteside, Robert"]
[Black "Valdepenas Octavio, Javier"]
[Result "0-1"]
[WhiteElo "1832"]
[BlackElo "2199"]
[PlyCount "54"]
[EventDate "2023.02.05"]
[WhiteTeam "MK Phoenix 2"]
[BlackTeam "Warwickshire Select 1"]

1. e4 e5 2. Nf3 Nc6 3. Bb5 a6 4. Ba4 Nf6 5. O-O Be7 6. c3 Nxe4 7. d4 exd4 8.
Qe2 Nf6 9. cxd4 O-O 10. Nc3 b5 11. Bb3 d5 12. Ne5 Nxd4 13. Qd3 c5 14. Bg5 Be6
15. Ne2 Nxe2+ 16. Qxe2 Rc8 17. Bc2 c4 18. Rad1 d4 19. Be4 Nxe4 20. Bxe7 Qxe7
21. Qxe4 d3 22. Rfe1 Rfe8 23. Re3 Rc5 24. f4 Bg4 25. Qd4 Bxd1 26. Nxc4 Qd8 27.
Qxc5 bxc4 0-1

[Event "4NCL Division Three West"]
[Site "Daventry, ENG"]
[Date "2023.02.05"]
[Round "6.24"]
[White "Shephard, Chris C W"]
[Black "Obi, Okwose Marc"]
[Result "1/2-1/2"]
[WhiteElo "2194"]
[BlackElo "1742"]
[PlyCount "78"]
[EventDate "2023.02.05"]
[WhiteTeam "Warwickshire Select 1"]
[BlackTeam "MK Phoenix 2"]

1. c4 e5 2. Nc3 Nc6 3. Nf3 f5 4. d4 e4 5. Ng5 Nf6 6. f3 Bb4 7. Nh3 Bxc3+ 8.
bxc3 O-O 9. e3 d6 10. Be2 exf3 11. gxf3 Nh5 12. f4 Qh4+ 13. Nf2 Nf6 14. O-O Ne4
15. Nxe4 fxe4 16. Qe1 Qh6 17. Kh1 Bh3 18. Rg1 Rf6 19. Rg5 Rf5 20. Qg3 Raf8 21.
Bd2 Ne7 22. Rg1 Rxg5 23. Qxg5 Qxg5 24. Rxg5 Bd7 25. Rg1 Nf5 26. Rb1 b6 27. c5
d5 28. cxb6 axb6 29. Bd1 Ra8 30. Bb3 Ne7 31. Be1 Ba4 32. Bh4 Bxb3 33. Bxe7 Bxa2
34. Ra1 b5 35. Bb4 Kf7 36. Kg2 Ra4 37. Kg3 Bb3 38. Ra3 Rxa3 39. Bxa3 Bd1
1/2-1/2

[Event "4NCL Division Three West"]
[Site "Daventry, ENG"]
[Date "2023.02.05"]
[Round "6.25"]
[White "Shaw, John S"]
[Black "Fallowfield, Jeremy R"]
[Result "0-1"]
[WhiteElo "1681"]
[BlackElo "2116"]
[PlyCount "46"]
[EventDate "2023.02.05"]
[WhiteTeam "MK Phoenix 2"]
[BlackTeam "Warwickshire Select 1"]

1. d4 Nf6 2. Nc3 d5 3. Bf4 g6 4. e3 Bg7 5. Be2 O-O 6. h4 c5 7. g4 Nc6 8. h5 Ne4
9. f3 Nxc3 10. bxc3 Qa5 11. Kf2 Qxc3 12. hxg6 hxg6 13. Qf1 cxd4 14. Qh3 dxe3+
15. Bxe3 Rd8 16. Qh7+ Kf8 17. Nh3 Bd4 18. Bd3 Qd2+ 19. Kg3 Qxe3 20. Rae1 Be5+
21. Kg2 Qd4 22. Ng5 Bg7 23. Bxg6 Qd2+ 0-1

[Event "4NCL Division Three West"]
[Site "Daventry, ENG"]
[Date "2023.02.05"]
[Round "6.26"]
[White "Brooks, Phil J"]
[Black "Page, Michael"]
[Result "1-0"]
[WhiteElo "2125"]
[BlackElo "1520"]
[PlyCount "55"]
[EventDate "2023.02.05"]
[WhiteTeam "Warwickshire Select 1"]
[BlackTeam "MK Phoenix 2"]

1. d4 d5 2. c4 e5 3. dxe5 d4 4. Nf3 Nc6 5. a3 Be6 6. e3 dxe3 7. Qxd8+ Rxd8 8.
Bxe3 Nge7 9. Nc3 Nf5 10. Nb5 Rd7 11. Rd1 Nxe3 12. fxe3 Be7 13. Be2 O-O 14. Rxd7
Bxd7 15. Nxc7 Nxe5 16. Nxe5 Bd6 17. Nxd7 Rd8 18. Nb5 Rxd7 19. Nxd6 Rxd6 20. Bd1
Re6 21. Kf2 g6 22. Bf3 b6 23. Rd1 Re7 24. b4 Rc7 25. Rc1 Kf8 26. c5 bxc5 27.
bxc5 Ke7 28. c6 1-0

[Event "4NCL Division Three West"]
[Site "Daventry, ENG"]
[Date "2023.02.05"]
[Round "6.31"]
[White "Dasgupta, Avyukt"]
[Black "Midhun, P U."]
[Result "0-1"]
[WhiteElo "2011"]
[BlackElo "2147"]
[PlyCount "66"]
[EventDate "2023.02.05"]
[WhiteTeam "Barnet Knights B"]
[BlackTeam "West is Best 2"]

1. d4 Nf6 2. Bf4 g6 3. e3 Bg7 4. Nf3 d6 5. Be2 O-O 6. c4 c5 7. Nc3 Nfd7 8. O-O
cxd4 9. exd4 e5 10. Be3 Nc6 11. Qd2 Re8 12. Rfe1 Nf6 13. d5 Ne7 14. c5 Nf5 15.
Bg5 h6 16. Bxf6 Bxf6 17. Ne4 dxc5 18. Bb5 Rf8 19. Nxc5 Nd6 20. Bd3 b6 21. Nb3
Re8 22. Qb4 a5 23. Qd2 a4 24. Nc1 e4 25. Bxe4 Nxe4 26. Qxh6 Ng5 27. Rxe8+ Qxe8
28. Nd3 Nxf3+ 29. gxf3 Bf5 30. Re1 Qd8 31. Ne5 Bg5 32. Nxf7 Bxh6 33. Nxd8 Rxd8
0-1

[Event "4NCL Division Three West"]
[Site "Daventry, ENG"]
[Date "2023.02.05"]
[Round "6.32"]
[White "Saunders, Aron"]
[Black "Smith, Mark"]
[Result "1/2-1/2"]
[WhiteElo "2052"]
[BlackElo "1914"]
[PlyCount "50"]
[EventDate "2023.02.05"]
[WhiteTeam "West is Best 2"]
[BlackTeam "Barnet Knights B"]

1. e4 Nf6 2. e5 Nd5 3. d4 d6 4. c4 Nb6 5. f4 g6 6. Be3 Bg7 7. Nc3 Be6 8. Nf3
O-O 9. b3 c5 10. dxc5 N6d7 11. cxd6 exd6 12. Qxd6 Nxe5 13. Qxd8 Nxf3+ 14. gxf3
Rxd8 15. Rc1 Nc6 16. Be2 Nb4 17. Kf2 Bf5 18. Ne4 Nxa2 19. Rcd1 b6 20. Rxd8+
Rxd8 21. Rd1 Rxd1 22. Bxd1 Nc3 23. Bc2 Nxe4+ 24. fxe4 Be6 25. e5 Bf8 1/2-1/2

[Event "4NCL Division Three West"]
[Site "Daventry, ENG"]
[Date "2023.02.05"]
[Round "6.33"]
[White "Vyas, Alisha"]
[Black "Bullen, Alex"]
[Result "0-1"]
[WhiteElo "1898"]
[BlackElo "2119"]
[PlyCount "54"]
[EventDate "2023.02.05"]
[WhiteTeam "Barnet Knights B"]
[BlackTeam "West is Best 2"]

1. e4 c6 2. Nf3 d5 3. Nc3 dxe4 4. Nxe4 Nf6 5. Nxf6+ exf6 6. Bc4 Bd6 7. O-O O-O
8. d4 Bg4 9. Be2 Re8 10. Re1 Nd7 11. c3 Nf8 12. Nh4 f5 13. g3 Bxe2 14. Rxe2 Qf6
15. Nf3 f4 16. Kg2 g5 17. g4 h5 18. h3 hxg4 19. hxg4 Kg7 20. Qd3 Ne6 21. Bd2
Rh8 22. Ree1 Rh6 23. Rh1 Rah8 24. c4 Qg6 25. Qf5 Qxf5 26. gxf5 g4 27. fxe6
gxf3+ 0-1

[Event "4NCL Division Three West"]
[Site "Daventry, ENG"]
[Date "2023.02.05"]
[Round "6.34"]
[White "Freeland, Alex"]
[Black "Horan, George"]
[Result "1-0"]
[WhiteElo "2108"]
[BlackElo "1935"]
[PlyCount "67"]
[EventDate "2023.02.05"]
[WhiteTeam "West is Best 2"]
[BlackTeam "Barnet Knights B"]

1. d4 Nf6 2. c4 e6 3. Nc3 Bb4 4. e3 O-O 5. Bd3 d5 6. Nf3 dxc4 7. Bxc4 c5 8. a3
Ba5 9. O-O Nbd7 10. Qe2 Bxc3 11. bxc3 Ne4 12. Qc2 Nd6 13. Bd3 h6 14. e4 c4 15.
Be2 b5 16. a4 Ba6 17. Ba3 Qc7 18. e5 Nc8 19. Bxf8 Nxf8 20. Rfb1 Rb8 21. Nd2 Ng6
22. axb5 Bxb5 23. Bxc4 Bxc4 24. Rxb8 Qxb8 25. Nxc4 Nf4 26. Ne3 Qb5 27. c4 Qc6
28. h3 f6 29. exf6 gxf6 30. g3 Nxh3+ 31. Kh2 Ng5 32. Qg6+ Kh8 33. Qxh6+ Kg8 34.
Qg6+ 1-0

[Event "4NCL Division Three West"]
[Site "Daventry, ENG"]
[Date "2023.02.05"]
[Round "6.35"]
[White "Kirupakaran, Vishnu"]
[Black "Taylor, William J"]
[Result "0-1"]
[WhiteElo "1912"]
[BlackElo "2060"]
[PlyCount "76"]
[EventDate "2023.02.05"]
[WhiteTeam "Barnet Knights B"]
[BlackTeam "West is Best 2"]

1. e4 e5 2. Nf3 Nf6 3. Nc3 Nc6 4. Bb5 Bb4 5. d3 d6 6. h3 O-O 7. Bg5 Bxc3+ 8.
bxc3 Qe7 9. O-O Nd8 10. d4 c6 11. Bd3 Ne6 12. Bh4 Nf4 13. Nh2 Qe6 14. Qf3 h6
15. Bg3 N6h5 16. Ng4 Nxd3 17. Qxd3 Nxg3 18. Qxg3 exd4 19. cxd4 h5 20. d5 cxd5
21. exd5 Qg6 22. Ne3 Qxg3 23. fxg3 Bd7 24. Rab1 b5 25. Nf5 Bxf5 26. Rxf5 Rac8
27. Rxb5 Rxc2 28. Ra5 Re8 29. Rxa7 Re1+ 30. Rf1 Ree2 31. Rfxf7 Rxg2+ 32. Kf1
Rxg3 33. Rfd7 Rd2 34. Rxd6 Rxh3 35. Ke1 Rb2 36. Rd8+ Kh7 37. Rf8 Rh1+ 38. Rf1
Rb1+ 0-1

[Event "4NCL Division Three West"]
[Site "Daventry, ENG"]
[Date "2023.02.05"]
[Round "6.36"]
[White "Binesmael, Mohamed"]
[Black "Bakacsi, Zsolt"]
[Result "1/2-1/2"]
[WhiteElo "1548"]
[BlackElo "1862"]
[PlyCount "55"]
[EventDate "2023.02.05"]
[WhiteTeam "West is Best 2"]
[BlackTeam "Barnet Knights B"]

1. e4 e5 2. Nf3 Nc6 3. c3 d5 4. Qa4 f6 5. Bb5 Nge7 6. exd5 Qxd5 7. O-O a6 8.
Bc4 Qd6 9. d4 Bd7 10. Qb3 O-O-O 11. dxe5 Nxe5 12. Nxe5 Qxe5 13. Be3 Nf5 14. Ba7
Bd6 15. g3 Nh4 16. Nd2 c6 17. Bxa6 bxa6 18. Nc4 Nf3+ 19. Kh1 Qe7 20. Qb6 Be8
21. Qxa6+ Qb7 22. Nb6+ Kc7 23. Qa5 Bg6 24. Rad1 Be5 25. Nd7+ Kc8 26. Nb6+ Kc7
27. Nd7+ Kc8 28. Nb6+ 1/2-1/2

[Event "4NCL Division Three West"]
[Site "Daventry, ENG"]
[Date "2023.02.05"]
[Round "6.41"]
[White "Grillage, Andrew"]
[Black "Finn, Peter"]
[Result "0-1"]
[WhiteElo "1922"]
[BlackElo "2232"]
[PlyCount "64"]
[EventDate "2023.02.05"]
[WhiteTeam "Shropshire & Friends"]
[BlackTeam "CSC/Kingston 1"]

1. d4 d5 2. Nf3 Nf6 3. c4 c6 4. Qc2 dxc4 5. Qxc4 Bf5 6. g3 e6 7. Bg2 Be7 8. O-O
O-O 9. Nc3 Nbd7 10. Re1 Ne4 11. Qb3 Qb6 12. Bf4 Nxc3 13. Qxc3 Bb4 14. Qc1 Bxe1
15. Qxe1 Qxb2 16. Nh4 Bc2 17. Rc1 Ba4 18. Rb1 Qxd4 19. Rb4 Qd1 20. Qxd1 Bxd1
21. Rd4 Bxe2 22. Rxd7 Rfd8 23. Rxd8+ Rxd8 24. h3 Rd1+ 25. Kh2 Ra1 26. Nf3 Rxa2
27. Be3 a5 28. Nd4 a4 29. Be4 Bc4 30. Nc2 f5 31. Nb4 Rb2 32. Nd3 Rb5 0-1